000
00282nam a22001337a 4500
020
_a
854328580
050
_a
QK495
_b
.R45
100
_a
Azam-Ali S.
245
_a
Ber and other Jujubes /
260
_a
UK
_b
DFID
_c
2006
300
_a
iii,289p.
700
_a
Bonkoungou S.
942
_c
GEN
999
_c
1636
_d
1636